MARC

LEADER 00000nam0a2200000 4500
001 252280
005 20231101232732.0
035 |a (RuTPU)RU\TPU\book\274611 
090 |a 252280 
100 |a 20140228d1974 km y0rusy50 ca 
101 0 |a rus 
102 |a RU 
105 |a a z 001zy 
200 1 |a Опытно-фильтрационные работы  |f под ред. В. М. Шестакова, Д. Н. Башкатова 
210 |a Москва  |c Недра  |d 1974 
215 |a 204 с.  |c ил. 
320 |a Библиогр.: с. 193-199. 
606 1 |a Рельеф  |x Геоморфология  |2 stltpush  |3 (RuTPU)RU\TPU\subj\24968  |9 49232 
610 1 |a опытно-фильтрационные работы 
610 1 |a технические средства 
610 1 |a скважины 
610 1 |a бурение 
610 1 |a насосное оборудование 
610 1 |a нагнетатели 
610 1 |a откачка 
610 1 |a пласты 
610 1 |a расходометрия 
675 |a 556.342  |v 3 
702 1 |a Шестаков  |b В. М.  |4 340 
702 1 |a Башкатов  |b Д. Н.  |4 340 
801 1 |a RU  |b 63413507  |c 20140228 
801 2 |a RU  |b 63413507  |c 20190729  |g RCR 
942 |c BK